000 01044nam a2200253Ia 4500
001 892-LET co (17457)
003 IT-MiSPE
008 171229s9999||||xx |||||||||||||| ||und||
040 _aIT-MiSPE
_cIT-MiSPE
041 _aITALIANO
100 _aF. Mario Fales
245 0 _aLettere dalla Corte assira
250 _a1a ed. (v)
260 _aVenezia
_bMarsilio
_c1992
300 _a184 p.
_c18 cm
490 _aStilo
501 _aEdizioni San Paolo srl - Piazza Soncino, 5 - 20092 CINISELLO BALSAMO (MI) (non commercial uses only) ® Copyright 2018
520 _aGiovanni B. Lanfranchi (intr.)
700 _aF. Mario Fales
_g(traduzione)
700 _aGiovanni B. Lanfranchi
942 _cBK
957 _71
999 _a3841
_bNO
_g Copie: 1
_c355404
_d355404